000 00574nam a2200205Ii 4500
003 JO-AjNU
008 230606s9999||||xx |||||||||||||| ||und||
020 _a978-0-321-34078-8
040 _aJO-AjNU
_beng
_erda
_cJO-AjNU
041 _aeng
050 1 4 _aQA76.73.A35.B37.2006
100 3 _aBarnes,John,
_eauthor
_9467
245 0 0 _aprogramming in Ada 2005
264 3 1 _aAddison Wesley:london.2006
300 _a828p
336 _atext
_btxt
_2rdacontent
337 _aunmediated
_bn
_2rdamedia
338 _avolume
_bnc
_2rdacarrier
650 4 _aprogramming in Ada 2005
_9468
999 _aE248
_c248
_d248